Introducción a las lógicas no clásicas (Registro nro. 273732)

Detalles MARC
000 -ENCABEZADO
Número de control [NR] 00888cam a2200241 a 4500
005 - FECHA Y HORA DE LA ÚLTIMA TRANSACCIÓN
control field 20140813065106.0
008 - DE LONGITUD FIJA DE DATOS DE ELEMENTOS - INFORMACIÓN GENERAL
Elementos de longitud fija [NR] 140813s1993 mx fr 0 1 spa d
020 ## - NUMERO INTERNACIONAL NORMALIZADO PARA LIBROS [R]
Número Internacional Normalizado del libro [NR] 9683634516
040 ## - FUENTE DE CATALOGACION [NR]
Agencia de catalogación original [NR] CO-BoUCM
Idioma de catalogación [NR] spa
Quien Cataloga Jose A. Gerena
Quien Clasifica Jose A. Gerena
041 0# - CODIGO DE IDIOMA [R]
Código de idioma para texto/pista de sonido o título separado [R] Español
100 1# - ASIENTO PRINCIPAL--NOMBRE PERSONAL [NR]
Nombre personal [NR] Peña, Lorenzo
ID Autoridad 63745
245 10 - MENCION DE TITULO [NR]
Título [NR] Introducción a las lógicas no clásicas
Mención de responsabilidad, etc. [NR] Lorenzo Pena
260 ## - PUBLICACION, DISTRIBUCION, ETC. (PIE DE IMPRENTA) [R]
Lugar de publicación, distribución, etc. [R] México D.F. (México)
Nombre del editor, distribuidor, etc. [R] Universidad Nacional Autonoma de México
Fecha de publicación, distribución, etc. [R] 1993
300 ## - DESCRIPCION FISICA [R]
Extensión [R] 240 páginas
490 ## - MENCION DE SERIE [R]
Mención de serie [R] Colección Cuadernos
Designación numérica/secuencial del volumen [NR] 60
650 #7 - ASIENTO SECUNDARIO DE MATERIA - TERMINO TEMATICO [R]
Término temático o nombre geográfico como elemento de entrada [NR] Lógica matemática
9 (RLIN) 18796
650 #7 - ASIENTO SECUNDARIO DE MATERIA - TERMINO TEMATICO [R]
Término temático o nombre geográfico como elemento de entrada [NR] Lógica
9 (RLIN) 18789
650 #7 - ASIENTO SECUNDARIO DE MATERIA - TERMINO TEMATICO [R]
Término temático o nombre geográfico como elemento de entrada [NR] Lógica matemática no clásica
9 (RLIN) 18797
690 ## - ASUNTO AGREGADO LOCAL DE ENTRADA - TÉRMINO TEMÁTICO (OCLC, RLIN)
9 (RLIN) 42870
Acceso temático local Matemáticas
710 2# - ASIENTO SECUNDARIO - NOMBRE CORPORATIVO [R]
Nombre corporativo o de jurisdicción como elemento de entrada [NR] Universidad Nacional Autónoma de México
Unidad subordinada [R] Instituto de Investigaciones Filosóficas
9 (RLIN) 63746
942 ## - ELEMENTOS DE ENTRADA AGREGADOS (KOHA)
Sistema de clasificación DEWEY
Tema principal Ciencias puras
Tipo de ítem principal el descrito en 300a Libro de reserva
Edición 1
Clasificación 511.3
Parte restante de la signatura top. P349
Existencias
Signatura topográfica Código de barras Última vez visto Ejemplar Costo de reposición Price effective from Tipo de ítem Perdido Sistema de clasificación Dañado No prestable Tipo de ítem específico Suprimido Ubicación habitual Ubicación actual Localización Fecha de creación Proveedor Forma de adquisición Costo
511.3 P349 100143527 24/09/2025 Ej.1 115781.00 12/08/2014 Libro   DEWEY     Libro   Bodega Bodega 5to piso 12/08/2014 15 Compra 112030.00